000 00306 a2200145 4500
001 161047
020 _a85-15-00138-1
040 _cMagnum
240 1 0 _aO pequeno polegar
_lpor
245 1 0 _aO pequeno polegar
300 _a16
440 1 _aLoyola
697 _aLITERATURA INFANTO-JUVENIL
942 _cBK
999 _c161047
_d161047